Statystyki dla Wszystkie ulice w Postoliskach

Kliknij tutaj aby rozwiązać quiz!

Ogólne statystyki

  • Ten quiz został rozwiązany 6 razy
  • Średni wynik to 5 z 31

Statystyki odpowiedzi

Ulice% Poprawnych
Plac 3 maja
67%
Sportowa
50%
Starowiejska
50%
Długa
33%
Kazimierzów
33%
Spacerowa
33%
Wincentego
Witosa
33%
Zaciszna
33%
Żwirowa
33%
11 Listopada
17%
Aksamitna
17%
Jadowska
17%
Mała
17%
Nikodema
Godlewskiego
17%
Ogrodowa
17%
Orzechowa
17%
Stylowa
17%
Wodna
17%
Żelazna
17%
Darniowa
0%
Dojazdowa
0%
Domowa
0%
Ogrodnicza
0%
Promienna
0%
Rabatowa
0%
Rusałki
0%
Szymona
0%
Wiewiórcza
0%
Wygodna
0%
Zajazdowa
0%
Zjazdowa
0%

Rozkład punktacji

Percentyl według liczby udzielonych odpowiedzi

Procent ludzi z każdym wynikiem

Twoja historia wyników

Nie rozwiązałeś tego quizu